000 01193nam a2200265Ia 4500
003 OSt
005 20220923211432.0
006 a|||||r|||| 00| 0
007 ta
008 220922b |||||||| |||| 00| 0 hin d
020 _a9789350001585 (hbk)
_c250
024 _a241,932
037 _b471, 23/02/2010, Vani Prakashan
_cTextual
040 _aARTS
_cARTS
_bhin
041 _2hin
_ahin
082 _aO1431,3M80x, 152Q0
100 _aसादौवेन्यू, मिहाइल; वर्मा, निर्मल, अनु.
_9160482
245 0 _aझोंपड़ी वाले और अन्य कहानियॉं
_b रोमानियाई कथा - साहित्य
246 _aZoanpaड़ī vāle aur anya kahāniyaॉan: romāniyāī kathā - sāhitya
260 _aनयी दिल्ली
_b वाणी प्रकाशन
_c2010
300 _a181पृ.
_ccm.
650 _aविश्व कहानी
942 _hO1431,3M80x, 152Q0
_cTEXL
_2CC
999 _c299491
_d299491